000 00890nam a22002657a 4500
001 9868
003 FISKH
005 20260310151548.0
008 260310b cb ||||| |||| 00| 0 eng d
020 _a9788184852042
040 _aFISKH
_beng
_cFISKH
_dFISKH
050 _aPZ7
082 _a398.2
100 _aAnderson , Hans Christian
245 _aStories of values /
_cThe Brothers Grimm , Hans Christian Anderson , and Aesop's Fables
260 _aNew Delhi :
_bLearner ,
300 _a20 unnumbered pages :
_bcolor illustrations ;
_c28 cm .
490 _aStories of ....
505 _aM
520 _aThe musicians of Bermann , The brave Tin solider , The elves and the shoemaker , The mice in council , The emperore's new clothes and the nightagle .
521 8 _a550
_bLexile estimate
521 8 _aM
_bRaz-Plus
942 _2ddc
_cBK
_n0
999 _c9868
_d9868